| 000 | 01352nam a2200337 i 4500 | ||
|---|---|---|---|
| 001 | 000021064 | ||
| 003 | DO-SdBNP | ||
| 005 | 20251022085306.0 | ||
| 007 | ta | ||
| 008 | 100830s1977 dr ad 001 0 spa d | ||
| 040 |
_aDO-SdBNP _bspa _cBNPHU _erda |
||
| 041 | _aspa | ||
| 049 | _aBNPD | ||
| 082 | 4 |
_a972.9382 _bA68p _222 |
|
| 245 | 0 | 0 |
_aArqueología de Punta Garza / _cMarcio Veloz Maggiolo, Renato O. Rímoli, Fernando Luna Calderón, Joaquín E. Nadal ; introducción, José A. Hazim. |
| 264 | 1 |
_aSan Pedro de Macorís, República Dominicana : _bUniversidad Central del Este, _c1977. |
|
| 300 |
_a237 páginas : _bilustraciones, mapas ; _c23 cm. |
||
| 336 |
_atexto _btxt _2rdacontent |
||
| 337 |
_asin mediación _bn _2rdamedia |
||
| 338 |
_avolumen _bnc _2rdacarrier |
||
| 490 | 1 |
_aCientífica _v4 |
|
| 590 | _aInventariado, 2023/BT | ||
| 650 | 4 |
_aArqueología _93985 _z(República Dominicana : provincia San Pedro de Macorís ) Antigüedades |
|
| 651 | 0 |
_aSan Pedro de Macorís (República Dominicana: provincia) _977395 _xHistoria |
|
| 700 | 1 |
_aVeloz Maggiolo, Marcio, _d1936-2021 _eautor _4aut. _91104 |
|
| 700 | 1 |
_aRímoli, Renato O, _eautor _4aut. _936749 |
|
| 700 | 1 |
_aLuna Carderón, Fernando, _eautor _4aut. _944052 |
|
| 700 | 1 |
_aNadal, Joaquín E., _eautor _4aut. _944053 |
|
| 910 | _aValidado. Control de calidad /MAA | ||
| 942 |
_2ddc _cLBS1 |
||
| 999 |
_c20567 _d20567 |
||